Statistical abstract of higher education in North Carolina.

Bibliographic Details
Corporate Author: North Carolina. Division of Institutional Research
Format: Serial
Language:English
Published: Chapel Hill : Division of Institutional Research, University of North Carolina.
Series:Research report
Subjects:

MARC

Tag First Indicator Second Indicator Subfields
LEADER 00000cas a2200000 4500
001 in00000735821
005 20151016081624.0
008 780118c19739999ncuar s 0u ua0eng d
035 |a (OCoLC)03565725 
035 |9 ADG5405AM 
040 |a NRC  |c NRC  |d OCL  |d TXA  |d UtOrBLW 
049 |a TXAE 
090 |a LA340.5  |b .A22 
245 0 0 |a Statistical abstract of higher education in North Carolina. 
264 1 |a Chapel Hill :  |b Division of Institutional Research, University of North Carolina. 
300 |a  volumes  |a annual 
336 |a text  |b txt  |2 rdacontent 
337 |a unmediated  |b n  |2 rdamedia 
338 |a volume  |b nc  |2 rdacarrier 
362 0 |a 6th- 1972/73- 
490 0 |a Research report 
650 0 |a Education, Higher  |z North Carolina  |x Statistics. 
710 1 |a North Carolina.  |b Division of Institutional Research. 
999 |a MARS 
999 f f |s 11062a6d-206f-304e-a5a3-3591f5cf710d  |i 1bf9f520-c7be-3ead-b86e-4fbfaa3f8a12  |t 0 
952 f f |p ric  |a Texas A&M University  |b Rellis Campus  |c Joint Library Facility  |d Remote Storage  |t 0  |e LA340.5 .A22  |h Library of Congress classification  |i unmediated -- volume  |k 1997/1998  |m A14823664197 
952 f f |p ric  |a Texas A&M University  |b Rellis Campus  |c Joint Library Facility  |d Remote Storage  |t 0  |e LA340.5 .A22  |h Library of Congress classification  |i unmediated -- volume  |k 1999/2000  |m A14826019927 
952 f f |p ric  |a Texas A&M University  |b Rellis Campus  |c Joint Library Facility  |d Remote Storage  |t 0  |e LA340.5 .A22  |h Library of Congress classification  |i unmediated -- volume  |k 1981/1982  |m A14807603636 
952 f f |p ric  |a Texas A&M University  |b Rellis Campus  |c Joint Library Facility  |d Remote Storage  |t 0  |e LA340.5 .A22  |h Library of Congress classification  |i unmediated -- volume  |k 1972/1973  |m A14807603547 
952 f f |p ric  |a Texas A&M University  |b Rellis Campus  |c Joint Library Facility  |d Remote Storage  |t 0  |e LA340.5 .A22  |h Library of Congress classification  |i unmediated -- volume  |k 1986/1987  |m A14823664503 
952 f f |p ric  |a Texas A&M University  |b Rellis Campus  |c Joint Library Facility  |d Remote Storage  |t 0  |e LA340.5 .A22  |h Library of Congress classification  |i unmediated -- volume  |k 1974/1975  |m A14807603563 
952 f f |p ric  |a Texas A&M University  |b Rellis Campus  |c Joint Library Facility  |d Remote Storage  |t 0  |e LA340.5 .A22  |h Library of Congress classification  |i unmediated -- volume  |k 1975/1976  |m A14807603571 
952 f f |p ric  |a Texas A&M University  |b Rellis Campus  |c Joint Library Facility  |d Remote Storage  |t 0  |e LA340.5 .A22  |h Library of Congress classification  |i unmediated -- volume  |k 1977/1978  |m A14807603602 
952 f f |p ric  |a Texas A&M University  |b Rellis Campus  |c Joint Library Facility  |d Remote Storage  |t 0  |e LA340.5 .A22  |h Library of Congress classification  |i unmediated -- volume  |k 1987/1988  |m A14811250869 
952 f f |p ric  |a Texas A&M University  |b Rellis Campus  |c Joint Library Facility  |d Remote Storage  |t 0  |e LA340.5 .A22  |h Library of Congress classification  |i unmediated -- volume  |k 1982/1983  |m A14807210360 
952 f f |p ric  |a Texas A&M University  |b Rellis Campus  |c Joint Library Facility  |d Remote Storage  |t 0  |e LA340.5 .A22  |h Library of Congress classification  |i unmediated -- volume  |k 1994/1995  |m A14819022804 
952 f f |p ric  |a Texas A&M University  |b Rellis Campus  |c Joint Library Facility  |d Remote Storage  |t 0  |e LA340.5 .A22  |h Library of Congress classification  |i unmediated -- volume  |k 1988/1989  |m A14811277895 
952 f f |p ric  |a Texas A&M University  |b Rellis Campus  |c Joint Library Facility  |d Remote Storage  |t 0  |e LA340.5 .A22  |h Library of Congress classification  |i unmediated -- volume  |k 1973/1974  |m A14807603555 
952 f f |p ric  |a Texas A&M University  |b Rellis Campus  |c Joint Library Facility  |d Remote Storage  |t 0  |e LA340.5 .A22  |h Library of Congress classification  |i unmediated -- volume  |k 1984/1985  |m A14808408869 
952 f f |p ric  |a Texas A&M University  |b Rellis Campus  |c Joint Library Facility  |d Remote Storage  |t 0  |e LA340.5 .A22  |h Library of Congress classification  |i unmediated -- volume  |k 1989/1990  |m A14812233250 
952 f f |p ric  |a Texas A&M University  |b Rellis Campus  |c Joint Library Facility  |d Remote Storage  |t 0  |e LA340.5 .A22  |h Library of Congress classification  |i unmediated -- volume  |k 1991/1992  |m A14815612885 
952 f f |p ric  |a Texas A&M University  |b Rellis Campus  |c Joint Library Facility  |d Remote Storage  |t 0  |e LA340.5 .A22  |h Library of Congress classification  |i unmediated -- volume  |k 1998/1999  |m A14824137672 
952 f f |p ric  |a Texas A&M University  |b Rellis Campus  |c Joint Library Facility  |d Remote Storage  |t 0  |e LA340.5 .A22  |h Library of Congress classification  |i unmediated -- volume  |k 1978/1979  |m A14807603610 
952 f f |p ric  |a Texas A&M University  |b Rellis Campus  |c Joint Library Facility  |d Remote Storage  |t 0  |e LA340.5 .A22  |h Library of Congress classification  |i unmediated -- volume  |k 1995/1996  |m A14820017969 
952 f f |p ric  |a Texas A&M University  |b Rellis Campus  |c Joint Library Facility  |d Remote Storage  |t 0  |e LA340.5 .A22  |h Library of Congress classification  |i unmediated -- volume  |k 1993/1994  |m A14818038886 
952 f f |p ric  |a Texas A&M University  |b Rellis Campus  |c Joint Library Facility  |d Remote Storage  |t 0  |e LA340.5 .A22  |h Library of Congress classification  |i unmediated -- volume  |k 1979/1980  |m A14823664456 
952 f f |p ric  |a Texas A&M University  |b Rellis Campus  |c Joint Library Facility  |d Remote Storage  |t 0  |e LA340.5 .A22  |h Library of Congress classification  |i unmediated -- volume  |k 1985/1986  |m A14809371926 
952 f f |p ric  |a Texas A&M University  |b Rellis Campus  |c Joint Library Facility  |d Remote Storage  |t 0  |e LA340.5 .A22  |h Library of Congress classification  |i unmediated -- volume  |k 1992/1993  |m A14816570612 
952 f f |p ric  |a Texas A&M University  |b Rellis Campus  |c Joint Library Facility  |d Remote Storage  |t 0  |e LA340.5 .A22  |h Library of Congress classification  |i unmediated -- volume  |k 1996/1997  |m A14820971260 
952 f f |p ric  |a Texas A&M University  |b Rellis Campus  |c Joint Library Facility  |d Remote Storage  |t 0  |e LA340.5 .A22  |h Library of Congress classification  |i unmediated -- volume  |k 1983/1984  |m A14807904993 
952 f f |p ric  |a Texas A&M University  |b Rellis Campus  |c Joint Library Facility  |d Remote Storage  |t 0  |e LA340.5 .A22  |h Library of Congress classification  |i unmediated -- volume  |k 1980/1981  |m A14807603628 
952 f f |p ric  |a Texas A&M University  |b Rellis Campus  |c Joint Library Facility  |d Remote Storage  |t 0  |e LA340.5 .A22  |h Library of Congress classification  |i unmediated -- volume  |k 1990/1991  |m A14813735166 
952 f f |p ric  |a Texas A&M University  |b Rellis Campus  |c Joint Library Facility  |d Remote Storage  |t 0  |e LA340.5 .A22  |h Library of Congress classification  |i unmediated -- volume  |k 1976/1977  |m A14807603597 
998 f f |a LA340.5 .A22  |s 1972/1973-1999/2000  |t 0  |l Remote Storage